000 00449nam a2200181Ia 4500
001 10477
005 20260306161835.0
008 260306t2013||||xx |||||||||||||| ||spa||
041 _aESP
082 _a930.185
_bT19
100 _aTantaleán, Henry
_eAUT
245 0 _aHistoria de la arqueología en el Perú del siglo XX
260 _c2013
300 _a627 páginas :
_c24 cm.
650 _aGEN
654 _aCHU
942 _cLIB
_dJUS
_fJUS
_2ddc
_n
999 _c10477
_d10477